00627nam a2200193Ia 4500008004100000020001400041082001500055100002000070245003300090250000700123260004500130300002700175500001900202600002700221650005000248942000700298952011300305999001500418240925s9999 xx 000 0 und d a134451236 a005.14 MUR aMurphy ,Mark L. 0aC/C++ Software Quality Tools aNA aNew Jersey:bPrintice- Hall Int.c,1996. axx,647p.bNAfOriginal aIncludes Index aEngineering Technology aComputer science, information & general works cBK 001040708ETaUITUbUITUd2000-07-28eNAg95.00l0o005.14 MURpQ2600r2024-09-25 07:12:51w2024-09-25yBK c5099d5099